Southville International School and Colleges
Your cart is empty.
  • Cart
  • Lists
    Public lists Eva Luna New books Lux_list list_1
    Your lists Log in to create your own lists
  • Log in to your account
  • Your cookies
  • Search history
Southville International School and Colleges
  • Advanced search
  • Recent comments
  • Most popular
  • Libraries

Log in to your account

Log in with GOOGLE


If you do not have an external account, but do have a local account, you can still log in:

  1. Home
  2. MARC view: Coco can't wait! /
Normal view MARC view ISBD view

Coco can't wait! / (Record no. 113397)

[ view plain ]
MARC details
000 -LEADER
fixed length control field 00545nam a2200193 a 4500
001 - CONTROL NUMBER
control field 0339
005 - DATE AND TIME OF LATEST TRANSACTION
control field 20140414132017.0
008 - FIXED-LENGTH DATA ELEMENTS--GENERAL INFORMATION
fixed length control field 040910s19uu xx 00 eng d
020 ## - INTERNATIONAL STANDARD BOOK NUMBER
International Standard Book Number 0-590-69548-7
050 ## - LIBRARY OF CONGRESS CALL NUMBER
Classification number TR
Item number C64 1979
100 ## - MAIN ENTRY--PERSONAL NAME
Personal name Gomi, Taro
245 ## - TITLE STATEMENT
Title Coco can't wait! /
Statement of responsibility, etc by Taro Gomi.
260 ## - PUBLICATION, DISTRIBUTION, ETC. (IMPRINT)
Place of publication, distribution, etc New York :
Name of publisher, distributor, etc Scholastic,
Date of publication, distribution, etc 1979.
300 ## - PHYSICAL DESCRIPTION
Extent 32 p. : ill. ; cm.
520 ## - SUMMARY, ETC.
Summary, etc A story about a girl and her grandmother.
650 ## - SUBJECT ADDED ENTRY--TOPICAL TERM
Topical term or geographic name as entry element Grandmothers and grandaughters.
General subdivision Fiction
650 ## - SUBJECT ADDED ENTRY--TOPICAL TERM
Topical term or geographic name as entry element Children stories.
Holdings
Withdrawn status Lost status Damaged status Use restrictions Home library Current library Shelving location Date acquired Source of acquisition Total Checkouts Full call number Barcode Date last seen Price effective from Koha item type
        Munich Library Munich Library Teachers Reference Section 09/10/2004     TR C64 1979 M4961 04/14/2014 04/14/2014 Books

Coco can't wait! /

APA

Gomi T., . (1979). Coco can't wait!. New York: Scholastic.

Chicago

Gomi Taro, . 1979. Coco can't wait!. New York: Scholastic.

Harvard

Gomi T., . (1979). Coco can't wait!. New York: Scholastic.

MLA

Gomi Taro, . Coco can't wait!. New York: Scholastic. 1979.

  • Place hold
  • Print
  • Cite
  • Add to your cart (remove)
  • Save record
    BIBTEX Dublin Core MARCXML MARC (non-Unicode/MARC-8) MARC (Unicode/UTF-8) MARC (Unicode/UTF-8, Standard) MODS (XML) RIS
  • More searches
    Search for this title in:
    Other Libraries (WorldCat) Other Databases (Google Scholar) Online Stores (Bookfinder.com) Open Library (openlibrary.org)

Exporting to Dublin Core...

SOUTHVILLE LIBRARY

Southville International School and Colleges Library

1281 Tropical Ave. Cor. Luxembourg St., BF Homes International, Las Pinas City

Tel. No. 8256374 / 252358 Loc. 117/146

Powered by Koha